| 000 | 00748nmc a2200253 a 4500 | ||
|---|---|---|---|
| 003 | AR-BaBNM | ||
| 005 | 20251128211255.0 | ||
| 008 | 243020s1998 ||||||||||||||000 | spa|| | ||
| 020 | _a950-518-816-1 | ||
| 040 | _cAR-BaBNM | ||
| 100 | 1 | _aTorp, Linda | |
| 245 | 1 | 0 |
_aEl aprendizaje basado en problemas _bdesde el jardín de infantes hasta el final de la escuela secundaria |
| 260 |
_aBuenos Aires _bAmorrortu _c1998 |
||
| 300 | _a179 p. | ||
| 490 | 0 | _aNueva enseñanza, nuevas prácticas | |
| 504 | _aContiene referencias bibliográficas p. 173-179 | ||
| 650 | 4 | _aAPRENDIZAJE | |
| 650 | 4 | _aSOLUCION DE PROBLEMAS | |
| 650 | 4 | _aCURRICULO | |
| 700 | 1 | _aSage, Sara | |
| 800 | 1 |
_aLitwin, Edith _edirector |
|
| 942 | _cBK | ||
| 998 | _craquel | ||
| 999 |
_c18952 _d18952 |
||